000 01594cam a2200277 a 4500
003 OSt
005 20210719121752.0
008 040803s2004 dcu b 001 0 eng
020 _a0881323535
040 _aDLC
_cCO-JMCR
_dDLC
041 0 _aeng
082 0 0 _a332.042091724 /
_bB618f
_223
100 1 _aBirdsall, Nancy,
_eautora
_938546
245 0 0 _aFinancing development :
_bthe power of regionalism /
_cNancy Birdsall, Liliana Rojas-Suarez.
260 _aWashington, DC :
_bCenter for Global Development,
_c2004.
300 _axii, 240 páginas ;
_c23 cm.
505 0 _tRegionalism for Financing Development: The Unexploited Potential. /
_rNancy Birdsall ;
_rLiliana Rojas-Suarez. --
_tRegional Banks and Regionalism: A New Frontier for Development Financing
_rRobert Devlin ;
_rLucio Castro
_tRegional Public Goods: The Comparative Edge of Regional Development Banks. /
_rMarco Ferroni. --
_tInternational Standards for Strengthening Financial Systems: Can Regional Development Banks Address Developing Countries' Concerns?. /
_rLiliana Rojas-Suarez. --
_tRole of Regional Development Banks in Rebuilding the International Financial Architecture. /
_rManuel Hinds. --
650 1 4 _aFinance
_zDeveloping countries.
_938547
650 2 4 _aEconomic development
_xFinance.
_938548
650 2 4 _aDevelopment banks.
_938549
650 2 4 _aRegionalism.
_938550
650 2 4 _aInternational economic integration.
_938551
700 1 _aRojas-Suárez, Liliana.
_eeditora
_936806
856 4 2 _3Publisher description
_uhttps://www.loc.gov/catdir/enhancements/fy1703/2004057001-d.html
942 _2ddc
_cBK
999 _c11947
_d11947